| 000 | 01682nam a2200397 a 4500 | ||
|---|---|---|---|
| 001 | 00003860 | ||
| 003 | DO-SdBNP | ||
| 005 | 20180312110352.0 | ||
| 007 | 00003860 | ||
| 008 | 150721s2014 000 spa d | ||
| 020 | _a9789945118704 | ||
| 040 |
_aBPMSU _bspa _cBPMSU |
||
| 082 |
_a372.84 _bR382e 2do. 2014 |
||
| 245 | 0 | 0 |
_aReligión 2 : _beducación primaria / _cdirección editorial de Claudia Llibre ; ilustración Ruddy Núñez ... [et al.] |
| 260 | 0 |
_aSanto Domingo : _bSantillana, _c2014. |
|
| 300 |
_a104 p. : _bil. ; _c28 cm. |
||
| 490 | 1 | _aProyecto todos juntos | |
| 505 |
_gv. 2 : _tAsí nos ha hecho Dios -- _tDios es nuestro amigo -- _tLos mandamientos -- _tLlega la navidad -- _tJesús es el maestro -- _tCreemos en Jesús -- _tJesús nos quiere -- _t!Vive para siempre! -- _tEl Espiritu Santo -- _tSomos el pueblo de Dios -- _tEstamos de fiesta -- _tUna vida nueva -- |
||
| 650 | 4 |
_aRELIGIÓN _xENSEÑANZA BÁSICA |
|
| 650 | 4 |
_aRELIGIÓN _xESTUDIOS Y EJERCICIOS |
|
| 650 | 4 |
_aRELIGIÓN _xLIBROS DE TEXTOS |
|
| 650 | 4 |
_aEDUCACIÓN PRIMÁRIA _xREPÚBLICA DOMINICANA |
|
| 650 | 4 |
_aRELIGIÓN _xEDUCAIÓN PRIMARIA |
|
| 650 | 4 |
_aRELIGIÓN _xLIBROS DE TEXTOS |
|
| 650 | 4 |
_aRELIGIÓN _xEDUCACIÓN PRIMARIA |
|
| 650 | 4 |
_aEDUCACIÓN PRIMARIA _zREPÚBLICA DOMINICANA |
|
| 700 | 1 |
_aLlibre, Claudia, _eed. |
|
| 700 | 1 |
_aNúñez, Ruddy, _eil. |
|
| 830 | 0 | _pProyecto todos juntos | |
| 910 | _aValidado. Control de calidad MFF | ||
| 942 |
_2ddc _cBK |
||
| 945 | _aRemanejado para BNPHU / 2018 BT | ||
| 956 |
_aDGARCIA _b10 _c20150721 _lBND01 _h0914 |
||
| 956 |
_aVMATEO _b10 _c20150721 _lBPMSU _h00151 |
||
| 956 |
_aLOPEREZ _b10 _c20160414 _lBPMSU _h00041 |
||
| 999 |
_c9766 _d9766 |
||